Общая химия: рабочая программа, методические указания, элементы теории, вопросы для самопроверки и контрольные задания для студентов заочного отделения ИГНД; учебное пособие
| Päätekijä: | |
|---|---|
| Yhteisötekijä: | |
| Yhteenveto: | Заглавие с титульного экрана Электронная версия печатной публикации Режим доступа: из корпоративной сети ТПУ |
| Kieli: | venäjä |
| Julkaistu: |
Томск, Изд-во ТПУ, 2010
|
| Aiheet: | |
| Linkit: | http://www.lib.tpu.ru/fulltext2/m/2011/m229.pdf |
| Aineistotyyppi: | Elektroninen Kirja |
| KOHA link: | https://koha.lib.tpu.ru/cgi-bin/koha/opac-detail.pl?biblionumber=197249 |
MARC
| LEADER | 00000nlm0a2200000 4500 | ||
|---|---|---|---|
| 001 | 197249 | ||
| 005 | 20231101224736.0 | ||
| 035 | |a (RuTPU)RU\TPU\book\215153 | ||
| 090 | |a 197249 | ||
| 100 | |a 20110608d2010 m y0rusy50 ca | ||
| 101 | 0 | |a rus | |
| 102 | |a RU | ||
| 105 | |a a j 001zy | ||
| 135 | |a drcn ---uucaa | ||
| 181 | 0 | |a i | |
| 182 | 0 | |a b | |
| 200 | 1 | |a Общая химия |b Электронный ресурс |e рабочая программа, методические указания, элементы теории, вопросы для самопроверки и контрольные задания для студентов заочного отделения ИГНД |e учебное пособие |f Л. М. Смолова |g Национальный исследовательский Томский политехнический университет (ТПУ) | |
| 203 | |a Текст |c электронный | ||
| 210 | |a Томск |c Изд-во ТПУ |d 2010 | ||
| 230 | |a 1 компьютерный файл (pdf; 925 KB) | ||
| 300 | |a Заглавие с титульного экрана | ||
| 300 | |a Электронная версия печатной публикации | ||
| 333 | |a Режим доступа: из корпоративной сети ТПУ | ||
| 337 | |a Adobe Reader | ||
| 606 | 1 | |a Химия общая |2 stltpush |3 (RuTPU)RU\TPU\subj\67862 |9 83510 | |
| 610 | 1 | |a электронный ресурс | |
| 610 | 1 | |a труды учёных ТПУ | |
| 610 | 1 | |a учебные пособия | |
| 610 | 1 | |a залегание | |
| 610 | 1 | |a задачи | |
| 610 | 1 | |a упражнения | |
| 675 | |a 54(076) |v 3 | ||
| 700 | 1 | |a Смолова |b Л. М. |c химик |c доцент Томского политехнического университета |g Лариса Михайловна |2 stltpush |3 (RuTPU)RU\TPU\pers\27107 | |
| 712 | 0 | 2 | |a Национальный исследовательский Томский политехнический университет (ТПУ) |c (2009- ) |2 stltpush |3 (RuTPU)RU\TPU\col\15902 |
| 801 | 1 | |a RU |b 63413507 |c 20110608 | |
| 801 | 2 | |a RU |b 63413507 |c 20200113 |g RCR | |
| 856 | 4 | |u http://www.lib.tpu.ru/fulltext2/m/2011/m229.pdf | |
| 942 | |c CF | ||